000 00743nam a2200265Ia 4500
005 20260121170838.0
008 008 260114s9999 xx 000 0 eng d
020 _a9783030019501
037 _aEBOOK
040 _aCRL
040 _beng
040 _cCRL
041 _2eng
041 _aeng
084 _qCRL
100 _aDavid Naccache, Shouhuai Xu, Sihan Qing, Pierangela Samarati, Gregory Blanc, Rongxing Lu, Zonghua Zhang, Ahmed Meddahi
_91068875
245 0 _aInformation and Communications Security
260 _bSpringer
260 _bSpringer
260 _c2018
856 _uhttps://link.springer.com/openurl?genre=book&isbn=978-3-030-01950-1
942 _cEBOOK
999 _c1634605
_d1634605